Pennsylvania Cities - Sudden death - Statistics

General Stats
  • This quiz has been taken 57 times
  • The average score is 8 of 17
Answers on the Grid
Answers color-coded by a green-red scale on the quiz's grid according to % correct below.
Altoona
Juniata
Johnstown
Lancaster
Pittsburgh
Allentown
Philadelphia
Erie
Harrisburg
Cresson
Gettsburg
Williamsport
Greensburg
Huntingdon
Reading
Strasburg
Hershey
Rockville
Richmond
Chesapeake Beach
Trenton
Atlantic City
Thurmond
Paterson
Toms River
Princeton
Bridgewater
Clifton
Montclair
Morristown
Rehoboth
Dover
New Castle
Wilmington
 
Answer Stats
Answer % Correct
Philadelphia
78%
Harrisburg
73%
Erie
70%
Pittsburgh
70%
Hershey
65%
Reading
63%
Allentown
60%
Lancaster
55%
Altoona
45%
Williamsport
43%
Gettsburg
35%
Johnstown
35%
Greensburg
30%
Juniata
23%
Strasburg
23%
Huntingdon
15%
Cresson
13%
No matching quizzes found
Score Distribution
Percent of People with Each Score
Percentile by Number Answered
Your Score History
You have not taken this quiz